[Event "Madrid-chT 2021"]
[Site "Madrid"]
[Date "2021.03.06"]
[Round "3.6"]
[White "Vega De Alba, Miguel"]
[Black "Perez Diez, Victor"]
[Result "1-0"]
[WhiteElo "1759"]
[BlackElo "2038"]
[PlyCount "69"]
[EventDate "2021.01.23"]
[EventType "team-tourn"]
[EventRounds "14"]
[EventCountry "ESP"]
[SourceTitle "EXT 2022"]
[Source "ChessBase"]
[SourceDate "2021.10.06"]
[SourceVersion "1"]
[SourceVersionDate "2021.10.06"]
[SourceQuality "1"]
[WhiteTeam "San Sebastian de los Reyes"]
[BlackTeam "Blanco y Negro"]
[WhiteTeamCountry "ESP"]
[BlackTeamCountry "ESP"]

1. d4 f5 2. c4 Nf6 3. Bg5 d5 4. Bxf6 exf6 5. cxd5 Qxd5 6. Nc3 Qa5 7. e3 Be6 8. d5 Bf7 9. Bb5+ c6 10. dxc6 Nxc6 11. Qf3 0-0-0 12. Bxc6 bxc6 13. Qxc6+ Kb8 14. Nf3 Bd5 15. Nd4 Bc5 16. Qxd5 Qxc3+ 17. bxc3 Rxd5 18. c4 Rd7 19. Rd1 Bxd4 20. Rxd4 Rxd4 21. exd4 Rc8 22. Kd2 Rxc4 23. Kd3 Ra4 24. Rc1 Rxa2 25. Kc4 Ra6 26. Kd5 Rb6 27. Re1 a5 28. Kc5 Ka7 29. d5 Rb8 30. d6 a4 31. d7 a3 32. Kd6 a2 33. Ra1 Kb6 34. Rxa2 Rh8 35. Rb2+ 1-0

[Event "Madrid-ch sf"]
[Site "Madrid"]
[Date "2019.05.14"]
[Round "9"]
[White "Pindado Campos, Raul"]
[Black "Perez Diez, Victor"]
[Result "1/2-1/2"]
[WhiteElo "2089"]
[BlackElo "2018"]
[PlyCount "138"]
[EventDate "2019.05.06"]
[EventType "swiss"]
[EventRounds "9"]
[EventCountry "ESP"]
[SourceTitle "CBM 190 Extra"]
[Source "ChessBase"]
[SourceDate "2019.07.15"]
[SourceVersion "1"]
[SourceVersionDate "2019.07.15"]
[SourceQuality "1"]

1. Nf3 f5 2. d3 Nc6 3. e4 e5 4. Nc3 Nf6 5. Bg5 Be7 6. Be2 d6 7. exf5 Bxf5 8. d4 exd4 9. Nxd4 Nxd4 10. Qxd4 Bxc2 11. 0-0 c6 12. Rfe1 0-0 13. Bf3 d5 14. Re2 Bg6 15. Rae1 Re8 16. h4 h6 17. h5 Bf7 18. Bh4 Qd6 19. g4 Bf8 20. g5 Rxe2 21. Rxe2 hxg5 22. Bxg5 Bxh5 23. Re3 Re8 24. Bxh5 Rxe3 25. Bxe3 Nxh5 26. Qxa7 Qd7 27. Qa4 Nf6 28. Ne2 Qg4+ 29. Qxg4 Nxg4 30. Bb6 Ne5 31. b3 Kf7 32. Kf1 Nd7 33. Bc7 Bc5 34. Nf4 Kf6 35. Nd3 Bd4 36. Ke2 Kf5 37. Ne1 g5 38. f3 Be5 39. Bd8 Nc5 40. Bb6 Ne6 41. Be3 d4 42. Bd2 b6 43. Nd3 Bd6 44. Nf2 Nc5 45. Bb4 Nb7 46. Bd2 Bf4 47. Bb4 c5 48. Ba3 b5 49. Ne4 c4 50. Bb4 g4 51. bxc4 bxc4 52. a4 Nd8 53. Nc5 g3 54. a5 Nc6 55. Be1 Bd6 56. Ne4 d3+ 57. Kd1 Bf4 58. Nxg3+ Bxg3 59. Bxg3 Nxa5 60. Kd2 Nb3+ 61. Kc3 d2 62. Kc2 c3 63. Bd6 Nd4+ 64. Kd1 Nc6 65. Bf8 Kf6 66. Bh6 Nd4 67. Bxd2 c2+ 68. Kc1 Kf5 69. Bc3 Nxf3 1/2-1/2

[Event "Madrid-ch sf"]
[Site "Madrid"]
[Date "2018.05.11"]
[Round "7"]
[White "Baeza Escudero, Javier"]
[Black "Perez Diez, Victor"]
[Result "1-0"]
[WhiteElo "1913"]
[BlackElo "1964"]
[PlyCount "157"]
[EventDate "2018.05.05"]
[EventType "swiss"]
[EventRounds "9"]
[EventCountry "ESP"]
[SourceTitle "CBM 184 Extra"]
[Source "ChessBase"]
[SourceDate "2018.06.28"]
[SourceVersion "1"]
[SourceVersionDate "2018.06.28"]
[SourceQuality "1"]

1. e4 e5 2. Nf3 Nf6 3. Nxe5 Nxe4 4. Qe2 d6 5. Qxe4 dxe5 6. Qxe5+ Be6 7. Nc3 Nc6 8. Bb5 a6 9. Bxc6+ bxc6 10. 0-0 Qd6 11. d4 Rd8 12. Be3 f6 13. Qg3 Qd7 14. Rfe1 Bd6 15. Bf4 0-0 16. Rad1 Bf5 17. Ne4 Bg6 18. Bxd6 cxd6 19. c4 Bxe4 20. Rxe4 d5 21. cxd5 Qxd5 22. Re7 Rf7 23. Qc7 Rxe7 24. Qxe7 Rf8 25. b3 a5 26. Qc5 Rd8 27. Qc3 h6 28. Kf1 Kh8 29. Rc1 Qd6 30. Qxa5 Qxd4 31. Qc3 Qd6 32. g3 Ra8 33. a4 Rb8 34. Rb1 Qd5 35. Kg1 Qe4 36. Rc1 Qd5 37. b4 Qd6 38. Qc5 Qxc5 39. bxc5 Ra8 40. Ra1 Ra5 41. Kf1 Kh7 42. Ke2 Kg6 43. Kd3 Kf5 44. Kd4 g5 45. Kc4 h5 46. h3 h4 47. g4+ Kf4 48. Ra3 f5 49. f3 fxg4 50. fxg4 Ke4 51. Kb4 Ra6 52. a5 Kf4 53. Kc3 Kf3 54. Kc4+ Ke4 55. Ra1 Ke3 56. Ra2 Ke4 57. Ra3 Ke5 58. Kb4 Ke4 59. Rb3 Ra7 60. Rc3 Rb7+ 61. Kc4 Ra7 62. Ra3 Ra6 63. Ra1 Ke3 64. Kb4 Kf3 65. Ra2 Ke4 66. Rf2 Ke3 67. Rf5 Ke4 68. Rxg5 Kf4 69. Rh5 Kg3 70. g5 Kxh3 71. g6 Ra8 72. g7 Rg8 73. Rg5 Kh2 74. a6 h3 75. a7 Kh1 76. Rh5 h2 77. Rh8 Kg2 78. a8Q Rxa8 79. Rxa8 1-0

[Event "Madrid-ch sf"]
[Site "Madrid"]
[Date "2018.05.07"]
[Round "3"]
[White "Perez Diez, Victor"]
[Black "Perez Gonzalez, Jose Manuel"]
[Result "0-1"]
[WhiteElo "1964"]
[BlackElo "2252"]
[PlyCount "124"]
[EventDate "2018.05.05"]
[EventType "swiss"]
[EventRounds "9"]
[EventCountry "ESP"]
[SourceTitle "CBM 184 Extra"]
[Source "ChessBase"]
[SourceDate "2018.06.28"]
[SourceVersion "1"]
[SourceVersionDate "2018.06.28"]
[SourceQuality "1"]

1. e4 c5 2. Nc3 Nc6 3. g3 g6 4. Bg2 Bg7 5. d3 d6 6. Be3 Nf6 7. h3 0-0 8. Qd2 Re8 9. f4 Rb8 10. Nf3 b5 11. Ne2 Nd7 12. c3 b4 13. 0-0 bxc3 14. bxc3 Ba6 15. Rab1 Qa5 16. g4 Rb6 17. Rxb6 Qxb6 18. f5 Rb8 19. fxg6 hxg6 20. Rc1 Qb2 21. Rc2 Qb1+ 22. Kf2 Nde5 23. Nxe5 Nxe5 24. c4 Rb2 25. Rxb2 Nxd3+ 26. Kg3 Bxb2 27. Nc3 Qe1+ 28. Qxe1 Nxe1 29. Nd5 e6 30. Ne7+ Kf8 31. Nc6 Bxc4 32. Bh1 Nd3 33. Nxa7 Bxa2 34. Kf3 Ke7 35. h4 Ne5+ 36. Kf4 c4 37. Nc8+ Kd7 38. Nb6+ Kc6 39. Na4 Nd3+ 40. Kf3 Be5 41. Bd2 Bb3 42. Nc3 Nc5 43. Ke3 Na4 44. Nxa4 Bxa4 45. h5 gxh5 46. gxh5 Bd1 47. h6 Bh5 48. Bg2 Bg6 49. Bf3 Kc5 50. Ba5 Bb2 51. Kd2 Bf6 52. Ke2 d5 53. exd5 exd5 54. Bd2 d4 55. Kd1 c3 56. Bc1 d3 57. Be3+ Kc4 58. Kc1 d2+ 59. Kd1 Kd3 60. Be2+ Kxe3 61. Bd3 Kxd3 62. h7 c2# 0-1

[Event "Madrid-ch Previa-A"]
[Site "Madrid"]
[Date "2018.02.14"]
[Round "6"]
[White "Perez Diez, Victor"]
[Black "Narvaez Parra, Vicente"]
[Result "1-0"]
[WhiteElo "1912"]
[BlackElo "1809"]
[PlyCount "83"]
[EventDate "2018.02.05"]
[EventType "swiss"]
[EventRounds "9"]
[EventCountry "ESP"]
[SourceTitle "EXT 2020"]
[Source "ChessBase"]
[SourceDate "2019.10.17"]
[SourceVersion "1"]
[SourceVersionDate "2019.10.17"]
[SourceQuality "1"]

1. e4 c6 2. Nc3 d5 3. Nf3 Bg4 4. d4 dxe4 5. Nxe4 e6 6. c3 Nf6 7. Ng3 Nh5 8. Nxh5 Bxh5 9. Bf4 Bd6 10. Bxd6 Qxd6 11. Qd3 Nd7 12. Be2 0-0-0 13. 0-0 Bg6 14. Qe3 Kb8 15. Ne5 Nxe5 16. dxe5 Qd2 17. Rad1 Qxe3 18. fxe3 Kc7 19. Rxd8 Rxd8 20. Rd1 Rxd1+ 21. Bxd1 a5 22. Kf2 Kb6 23. Kf3 Kc5 24. e4 b5 25. Ke3 f6 26. Kf4 b4 27. Bb3 Bf7 28. exf6 gxf6 29. e5 bxc3 30. bxc3 fxe5+ 31. Kxe5 Kb5 32. a4+ Kc5 33. g4 Bg6 34. h4 Bd3 35. g5 Bf5 36. h5 Bd3 37. Kxe6 Bc4+ 38. Bxc4 Kxc4 39. g6 hxg6 40. hxg6 Kxc3 41. Kd6 Kb4 42. Kxc6 1-0